Welcome to CU Library Online Public Access Catalogue (OPAC)

Human development / (Record no. 7400)

MARC details
000 -LEADER
fixed length control field 00655pam a2200229 a 4500
001 - CONTROL NUMBER
control field 2960012
005 - DATE AND TIME OF LATEST TRANSACTION
control field 20250829122722.0
008 - FIXED-LENGTH DATA ELEMENTS--GENERAL INFORMATION
fixed length control field 910501s1992 nyua b 001 0 eng
020 ## - INTERNATIONAL STANDARD BOOK NUMBER
International Standard Book Number 0070485577
020 ## - INTERNATIONAL STANDARD BOOK NUMBER
International Standard Book Number 9780070485570
050 00 - LIBRARY OF CONGRESS CALL NUMBER
Classification number BF713
Item number .P35 1992
082 00 - DEWEY DECIMAL CLASSIFICATION NUMBER
Classification number 155
Edition information 20
100 1# - MAIN ENTRY--PERSONAL NAME
Personal name Papalia, Diane E.
245 10 - TITLE STATEMENT
Title Human development /
Statement of responsibility, etc. Diane E. Papalia, Sally Wendkos Olds.
250 ## - EDITION STATEMENT
Edition statement 5th ed.
260 ## - PUBLICATION, DISTRIBUTION, ETC.
Place of publication, distribution, etc. New York :
Name of publisher, distributor, etc. McGraw-Hill,
Date of publication, distribution, etc. c1992.
300 ## - PHYSICAL DESCRIPTION
Extent xviii, 632 p. :
Other physical details col. ill. ;
Dimensions 26 cm.
650 #0 - SUBJECT ADDED ENTRY--TOPICAL TERM
Topical term or geographic name entry element Developmental psychology.
650 #0 - SUBJECT ADDED ENTRY--TOPICAL TERM
Topical term or geographic name entry element Developmental psychobiology.
700 1# - ADDED ENTRY--PERSONAL NAME
Personal name Olds, Sally Wendkos.
942 ## - ADDED ENTRY ELEMENTS (KOHA)
Source of classification or shelving scheme Library of Congress Classification
Koha item type Books
Suppress in OPAC No
999 ## -
-- 7400
-- 7400
Holdings
Withdrawn status Lost status Source of classification or shelving scheme Damaged status Not for loan Collection Home library Current library Shelving location Date acquired Total checkouts Full call number Barcode Date last seen Copy number Price effective from Koha item type
    Library of Congress Classification     Non-fiction Undergraduate Library (Christ Temple) Undergraduate Library (Christ Temple) General stacks 08/29/2025   BF 713 BER ulct00004529 08/29/2025 1 08/29/2025 Books
© 2023-2024 Copyright: Central University Libraries. All Rights Reserved | Created by: Mahone Tech Office